| 000 | 00416nam a2200181Ia 4500 | ||
|---|---|---|---|
| 001 | 20823 | ||
| 005 | 20260306172834.0 | ||
| 008 | 260306t2008||||xx |||||||||||||| ||spa|| | ||
| 041 | _aESP | ||
| 082 |
_a343.8 _bD98 2008 |
||
| 100 |
_aDurán Rojo, Luis _eAUT |
||
| 245 | 0 | _aImpuesto a la renta | |
| 260 | _c2008 | ||
| 300 |
_a612 páginas : _ccm. |
||
| 650 | _aGEN | ||
| 654 | _aCDE | ||
| 942 |
_cLIB _dJUS _fJUS _2ddc _n |
||
| 999 |
_c20823 _d20823 |
||